[Event "COL-ch U16 sf1"]
[Site "Duitama"]
[Date "2019.04.12"]
[Round "3.7"]
[White "Rojas Castillo, Leibnitz Edison"]
[Black "Sarmiento Vargas, Nicolas"]
[Result "1-0"]
[WhiteElo "1705"]
[BlackElo "1662"]
[PlyCount "47"]
[EventDate "2019.04.11"]
[EventType "swiss"]
[EventRounds "6"]
[EventCountry "COL"]
[SourceTitle "EXT 2024"]
[Source "ChessBase"]
[SourceDate "2023.10.10"]
[SourceVersion "1"]
[SourceVersionDate "2023.10.10"]
[SourceQuality "1"]

1. e4 e6 2. d4 d5 3. Nc3 c5 4. exd5 exd5 5. dxc5 Be6 6. Bb5+ Nc6 7. Be3 a6 8. Bxc6+ bxc6 9. Nge2 Ne7 10. 0-0 Nf5 11. Bd4 Be7 12. Re1 0-0 13. b4 Re8 14. Na4 Nxd4 15. Nxd4 Qc7 16. Nxe6 fxe6 17. Rxe6 Qd7 18. Re1 Qf5 19. Nb6 Ra7 20. Qd3 Rf8 21. Qxf5 Rxf5 22. Nc8 Bf6 23. Nxa7 Bxa1 24. Rxa1 1-0

[Event "COL-ch U16 sf1"]
[Site "Duitama"]
[Date "2019.04.12"]
[Round "2.12"]
[White "Sarmiento Vargas, Nicolas"]
[Black "Cardona, Jacobo"]
[Result "1-0"]
[WhiteElo "1662"]
[BlackElo "1480"]
[PlyCount "29"]
[EventDate "2019.04.11"]
[EventType "swiss"]
[EventRounds "6"]
[EventCountry "COL"]
[SourceTitle "EXT 2024"]
[Source "ChessBase"]
[SourceDate "2023.10.10"]
[SourceVersion "1"]
[SourceVersionDate "2023.10.10"]
[SourceQuality "1"]

1. d4 Nf6 2. Nf3 d5 3. Bf4 e6 4. e3 Bd6 5. Bg3 0-0 6. Bd3 Nbd7 7. Nbd2 Qe7 8. Ne5 c5 9. c3 Bb8 10. 0-0 Nxe5 11. dxe5 Nd7 12. f4 b6 13. Qh5 h6 14. Bh4 f6 15. Qg6 1-0

[Event "COL-ch U1800"]
[Site "Moniquira"]
[Date "2018.07.20"]
[Round "2"]
[White "Sarmiento Vargas, Nicolas"]
[Black "Pena Mora, Carlos"]
[Result "1-0"]
[WhiteElo "1656"]
[BlackElo "1484"]
[PlyCount "57"]
[EventDate "2018.07.19"]
[EventType "swiss"]
[EventRounds "7"]
[EventCountry "COL"]
[SourceTitle "CBM 187 Extra"]
[Source "ChessBase"]
[SourceDate "2018.11.04"]
[SourceVersion "1"]
[SourceVersionDate "2018.11.04"]
[SourceQuality "1"]

1. d4 Nf6 2. Nf3 g6 3. Bf4 d5 4. e3 Bg7 5. c4 0-0 6. Nc3 c6 7. Be2 Nh5 8. Bg3 Bf5 9. Ng5 Nxg3 10. hxg3 h6 11. g4 Bd7 12. Nh3 e5 13. dxe5 Bxe5 14. f4 Bg7 15. Qd2 dxc4 16. 0-0-0 Qe7 17. g5 h5 18. Bxc4 Bg4 19. Qd6 Qxe3+ 20. Rd2 Na6 21. Qxg6 Rad8 22. Ne4 Kh8 23. Bxf7 Rxd2 24. Nxd2 Qc5+ 25. Bc4 b5 26. Nf2 Qxf2 27. Rxh5+ Bxh5 28. Qxh5+ Bh6 29. Qxh6# 1-0